Normal view
MARC view
- Quran – Terminology
Entry Topical Term
001 - CONTROL NUMBER
- control field: 129456
003 - CONTROL NUMBER IDENTIFIER
- control field: NUST
005 - DATE AND TIME OF LATEST TRANSACTION
- control field: 20250708120242.0
008 - FIXED-LENGTH DATA ELEMENTS
- fixed length control field: 250708|| aca||aabn | a|a d
040 ## - CATALOGING SOURCE
- Original cataloging agency: NUST
- Transcribing agency: NUST
150 ## - HEADING--TOPICAL TERM
- Topical term or geographic name entry element: Quran – Terminology
670 ## - SOURCE DATA FOUND
- Source citation: Work cat.: (NUST): Siddiqi, Dr. Muhammad Mian 129455, Farhang Istilahaat-e-Quran/, 2003.
